[Event "2013 Lethbridge Open"]
[Site "Lethbridge"]
[Date "2013.04.06"]
[Round "1"]
[White "Davies, Jack"]
[Black "Rekhson, Vladislav"]
[Result "1/2-1/2"]
[WhiteElo "2147"]
[BlackElo "1572"]
[PlyCount "110"]
[EventDate "2013.04.06"]
[EventType "swiss"]
[EventRounds "5"]
[EventCountry "CAN"]

1. e4 c5 2. Nf3 a6 3. c4 Nc6 4. Nc3 e5 5. Be2 d6 6. O-O Nf6 7. h3 h6 8. Nh2 Be6
9. b3 Be7 10. Ng4 Nxg4 11. Bxg4 O-O 12. f4 exf4 13. Rxf4 Bf6 14. Bb2 b5 15. Rb1
bxc4 16. Nd5 Bxb2 17. Rxb2 cxb3 18. Rxb3 Qg5 19. Qf1 Bxd5 20. exd5 Nd4 21. Rd3
Qxd5 22. Rfxd4 cxd4 23. Bf3 Qxa2 24. Bxa8 Rxa8 25. Qf3 Re8 26. Kh2 Qe6 27. Rxd4
Qe5+ 28. Qf4 g5 29. Qxe5 dxe5 30. Ra4 Re6 31. d4 exd4 32. Rxd4 Kg7 33. Ra4 Kg6
34. h4 f5 35. hxg5 hxg5 36. Kh3 Rf6 37. g4 f4 38. Kg2 Kf7 39. Ra5 Kg6 40. Kf3
Rb6 41. Ke4 Rb4+ 42. Kf3 Rb3+ 43. Ke4 Re3+ 44. Kd5 Rd3+ 45. Ke4 Re3+ 46. Kd5
Rg3 47. Rxa6+ Kf7 48. Ra7+ Ke8 49. Ke6 Kd8 50. Kf5 Ke8 51. Kxg5 f3 52. Ra1 f2
53. Rf1 Rf3 54. Kh4 Kf7 55. g5 Kg6 1/2-1/2

[Event "2013 Lethbridge Open"]
[Site "Lethbridge"]
[Date "2013.04.06"]
[Round "1"]
[White "Faraji, Jafar"]
[Black "Berndtsson, Kurt"]
[Result "1-0"]
[WhiteElo "1753"]
[BlackElo "1265"]
[PlyCount "69"]
[EventDate "2013.04.06"]
[EventType "swiss"]
[EventRounds "5"]
[EventCountry "CAN"]

1. d4 Nf6 2. c4 e6 3. Nc3 Nc6 4. Nf3 b6 5. d5 exd5 6. cxd5 Nb4 7. a3 Na6 8. e4
d6 9. Bg5 Nc5 10. b4 Ncd7 11. Bb5 Bb7 12. O-O h6 13. Bh4 g5 14. Bg3 Bg7 15. e5
Nh5 16. e6 O-O 17. exd7 Nxg3 18. hxg3 Bxc3 19. Ra2 a6 20. Bc6 Bxc6 21. dxc6 b5
22. Qd3 Bg7 23. Re2 Qf6 24. Rfe1 g4 25. Nh4 Qd4 26. Qxd4 Bxd4 27. Re8 Bf6 28.
Rxa8 Rxa8 29. Re8+ Kg7 30. Nf5+ Kh7 31. Nxd6 Bd8 32. Nb7 a5 33. Rxd8 Rxd8 34.
Nxd8 axb4 35. axb4 1-0

[Event "2013 Lethbridge Open"]
[Site "Lethbridge"]
[Date "2013.04.06"]
[Round "1"]
[White "Han, Ruolei"]
[Black "Dunn, Garth"]
[Result "0-1"]
[WhiteElo "1267"]
[BlackElo "1674"]
[PlyCount "86"]
[EventDate "2013.04.06"]
[EventType "swiss"]
[EventRounds "5"]
[EventCountry "CAN"]

1. e4 c5 2. Nc3 d6 3. Nf3 Nf6 4. Bb5+ Nbd7 5. O-O a6 6. Bxd7+ Bxd7 7. d3 g6 8.
Bg5 Bg7 9. e5 dxe5 10. Nxe5 Be6 11. Na4 Qa5 12. b3 O-O 13. Qe1 Qc7 14. Bf4 Nd5
15. Nxg6 Nxf4 16. Nxf8 Rxf8 17. g3 Nh3+ 18. Kh1 Bxa1 19. Qxa1 Bd5+ 20. f3 Qc6
21. Kg2 Ng5 22. Qd1 Be6 23. Qc1 Bh3+ 24. Kf2 Nxf3 25. Rd1 Qf6 26. Ke3 Nxh2 27.
Rh1 Qg5+ 28. Ke2 Bg4+ 29. Kf2 Qf5+ 30. Kg2 Nf3 31. Rf1 Bh3+ 32. Kh1 Bxf1 33.
Qxf1 Qh5+ 34. Kg2 Ng5 35. Kg1 Kh8 36. Nxc5 Nh3+ 37. Kg2 Qxc5 38. Kxh3 Qxc2 39.
Qa1+ f6 40. d4 Rg8 41. d5 Qf5+ 42. g4 Qxg4+ 43. Kh2 Qg2# 0-1

[Event "2013 Lethbridge Open"]
[Site "Lethbridge"]
[Date "2013.04.06"]
[Round "1"]
[White "Holmes, Gregory"]
[Black "Wong, Wilson"]
[Result "1-0"]
[WhiteElo "1670"]
[BlackElo "1100"]
[PlyCount "85"]
[EventDate "2013.04.06"]
[EventType "swiss"]
[EventRounds "5"]
[EventCountry "CAN"]

1. e4 d5 2. exd5 Qxd5 3. Nc3 Qe5+ 4. Be2 c5 5. Nf3 Qd6 6. O-O g6 7. d4 b6 8.
Nb5 Qc6 9. dxc5 bxc5 10. Ne5 Qb7 11. Qd5 Qxd5 12. Nc7+ Kd8 13. Nxd5 e6 14.
Nxf7+ Kd7 15. Bb5+ Nc6 16. Nf4 Bg7 17. Rd1+ Bd4 18. c3 a6 19. Ba4 Nge7 20. Nxh8
Kc7 21. cxd4 Nxd4 22. Be3 Nef5 23. Rac1 Rb8 24. Rxd4 Nxd4 25. Bxd4 Rb4 26. Be5+
Kb6 27. b3 g5 28. Nd3 Re4 29. f3 Re3 30. Rc3 g4 31. Kf2 h5 32. Kxe3 h4 33. Rxc5
Bb7 34. Bc7+ Ka7 35. Ne5 a5 36. Rxa5+ Ba6 37. Bb5 Kb7 38. Rxa6 Kxc7 39. Nhf7
gxf3 40. Rc6+ Kb7 41. Nd6+ Kb8 42. Nd7+ Ka7 43. Ra6# 1-0

[Event "2013 Lethbridge Open"]
[Site "Lethbridge"]
[Date "2013.04.06"]
[Round "1"]
[White "Pua, Richard"]
[Black "Fitzgerald, Jerry"]
[Result "1-0"]
[WhiteElo "2119"]
[BlackElo "1570"]
[PlyCount "60"]
[EventDate "2013.04.06"]
[EventType "swiss"]
[EventRounds "5"]
[EventCountry "CAN"]

1. e4 e6 2. d4 b6 3. Bd3 Bb7 4. Nf3 h6 5. O-O Ne7 6. c4 Ng6 7. Nc3 Be7 8. Re1
a6 9. e5 O-O 10. d5 Bb4 11. a3 Bxc3 12. bxc3 exd5 13. cxd5 Bxd5 14. Bxg6 Bxf3
15. Qxf3 Nc6 16. Be4 Nxe5 17. Qf5 Ng6 18. Bxa8 Qxa8 19. Bf4 d6 20. Bg3 Rd8 21.
Re3 Qc6 22. Rae1 d5 23. h4 Rd7 24. Re8+ Nf8 25. R1e7 Rxe7 26. Rxe7 f6 27. Rxc7
Qe8 28. Qxd5+ Kh7 29. Qf7 Qxf7 30. Rxf7 Ne6 1-0

[Event "2013 Lethbridge Open"]
[Site "Lethbridge"]
[Date "2013.04.06"]
[Round "1"]
[White "Scholz, Mike"]
[Black "Panteluk, Steven"]
[Result "0-1"]
[WhiteElo "1429"]
[BlackElo "1759"]
[PlyCount "100"]
[EventDate "2013.04.06"]
[EventType "swiss"]
[EventRounds "5"]
[EventCountry "CAN"]

1. Nf3 Nc6 2. e4 e5 3. Nc3 Nf6 4. d3 d6 5. Bg5 Be7 6. Bxf6 Bxf6 7. Be2 Be6 8.
O-O Ne7 9. d4 Ng6 10. d5 Bd7 11. a4 a6 12. b4 O-O 13. a5 c6 14. Rb1 Qc7 15. Qd2
Rfc8 16. Na4 cxd5 17. Nb6 dxe4 18. Nxa8 Rxa8 19. Ne1 Nf4 20. c4 Rc8 21. g3
Nxe2+ 22. Qxe2 Qxc4 23. Qxc4 Rxc4 24. Ng2 d5 25. Ne3 Rd4 26. Rfd1 Rxd1+ 27.
Rxd1 d4 28. Nc4 Bb5 29. Nd6 Bc6 30. Nc4 g6 31. h4 Bg7 32. Kh2 f6 33. Kg1 Bf8
34. Rb1 Kf7 35. Nb6 Ke6 36. Kf1 Be7 37. Ke1 Bd8 38. Kd2 Kf5 39. Nc4 Be7 40. Na3
Kg4 41. Nc2 Kf3 42. Ke1 g5 43. hxg5 fxg5 44. Rb3+ d3 45. Na1 h5 46. Rb2 h4 47.
gxh4 gxh4 48. Kd2 h3 49. Rb1 h2 50. Nb3 Bxb4+ 0-1

[Event "2013 Lethbridge Open"]
[Site "Lethbridge"]
[Date "2013.04.06"]
[Round "2"]
[White "Dunn, Garth"]
[Black "Zeggelaar, Mike"]
[Result "1-0"]
[WhiteElo "1674"]
[BlackElo "1955"]
[PlyCount "121"]
[EventDate "2013.04.06"]
[EventType "swiss"]
[EventRounds "5"]
[EventCountry "CAN"]

1. d4 Nf6 2. c4 g6 3. e3 Bg7 4. Bd3 O-O 5. Ne2 d5 6. O-O c6 7. Nbc3 Nbd7 8. f4
dxc4 9. Bxc4 b5 10. Bb3 b4 11. Na4 e6 12. Ng3 Ba6 13. Re1 Bb5 14. e4 Bxa4 15.
Bxa4 c5 16. e5 Nd5 17. Ne4 cxd4 18. Qxd4 Qb6 19. Qxb6 N7xb6 20. Bb3 Rfd8 21.
Bd2 a5 22. a4 Bf8 23. Red1 Be7 24. g3 h5 25. Be1 Rac8 26. Bf2 Nc4 27. Bd4 Ncb6
28. h4 Na8 29. Kf2 Nac7 30. Rac1 Na6 31. Bc4 Nc5 32. Bxd5 Rxd5 33. Bxc5 Bxc5+
34. Ke2 Rxd1 35. Kxd1 Rd8+ 36. Ke2 Be7 37. Rc7 Kf8 38. Ra7 Rc8 39. b3 Rc2+ 40.
Kd3 Rb2 41. Ra8+ Kg7 42. Nd2 f6 43. Rxa5 fxe5 44. Rxe5 Bf6 45. Rxe6 Bc3 46. Re2
Bxd2 47. Rxd2 Rxb3+ 48. Kc4 Rb1 49. Rd3 Kf6 50. a5 Kf5 51. a6 Ke4 52. Rb3 Ra1
53. Kb5 Kd5 54. Rxb4 Ra2 55. Kb6 Ra3 56. Rb5+ Kc4 57. Rg5 Rb3+ 58. Ka7 Kd4 59.
Rxg6 Ke4 60. Rg5 Kf3 61. f5 1-0

[Event "2013 Lethbridge Open"]
[Site "Lethbridge"]
[Date "2013.04.06"]
[Round "2"]
[White "Oba, Josh"]
[Black "Scholz, Mike"]
[Result "1-0"]
[WhiteElo "1504"]
[BlackElo "1429"]
[PlyCount "47"]
[EventDate "2013.04.06"]
[EventType "swiss"]
[EventRounds "5"]
[EventCountry "CAN"]

1. e4 Nc6 2. Nf3 e5 3. d4 exd4 4. Nxd4 Qf6 5. Nxc6 Qxc6 6. Nc3 Bb4 7. Qd4 Bxc3+
8. bxc3 Nf6 9. Bd3 O-O 10. O-O d6 11. Re1 Re8 12. Bg5 Nd7 13. Re3 Ne5 14. Rae1
Be6 15. Rg3 Nxd3 16. cxd3 Qd7 17. Be7 g6 18. Bf6 Rf8 19. h4 c5 20. Qe3 Qd8 21.
Bxd8 Raxd8 22. h5 Kg7 23. h6+ Kf6 24. Qg5# 1-0

[Event "2013 Lethbridge Open"]
[Site "Lethbridge"]
[Date "2013.04.06"]
[Round "2"]
[White "Panteluk, Steven"]
[Black "Pua, Richard"]
[Result "1/2-1/2"]
[WhiteElo "1759"]
[BlackElo "2119"]
[PlyCount "75"]
[EventDate "2013.04.06"]
[EventType "swiss"]
[EventRounds "5"]
[EventCountry "CAN"]

1. e4 e5 2. Nf3 Nc6 3. Bb5 Nf6 4. O-O Nxe4 5. Bxc6 dxc6 6. Re1 Nf6 7. Rxe5+ Be7
8. d4 O-O 9. h3 c5 10. Bg5 Bd6 11. Re1 h6 12. dxc5 Bxc5 13. Bh4 Qxd1 14. Rxd1
g5 15. Bg3 Bb6 16. Re1 Be6 17. Nc3 c6 18. Na4 Nd5 19. a3 Bc7 20. Nc5 Bxg3 21.
fxg3 Nc7 22. Re5 b6 23. Nd3 f6 24. Re3 Rae8 25. Rae1 Bd7 26. g4 Rxe3 27. Rxe3
Re8 28. Kf2 c5 29. c4 Rxe3 30. Kxe3 Bc6 31. b4 Ne6 32. bxc5 bxc5 33. g3 Kf8 34.
h4 Ke7 35. Nd2 Nd4 36. Nxc5 Nc2+ 37. Kd3 Nxa3 38. Kc3 1/2-1/2

[Event "2013 Lethbridge Open"]
[Site "Lethbridge"]
[Date "2013.04.06"]
[Round "2"]
[White "Porter, Patrick"]
[Black "Holmes, Gregory"]
[Result "1/2-1/2"]
[WhiteElo "1953"]
[BlackElo "1670"]
[PlyCount "78"]
[EventDate "2013.04.06"]
[EventType "swiss"]
[EventRounds "5"]
[EventCountry "CAN"]

1. e4 c5 2. Nf3 Nc6 3. d4 cxd4 4. Nxd4 d6 5. Nc3 Nf6 6. Bg5 e5 7. Ndb5 a6 8.
Na3 Be7 9. Bxf6 Bxf6 10. Nd5 Bg5 11. Be2 O-O 12. O-O Be6 13. Nc4 b5 14. Nce3
Nd4 15. c3 Nxe2+ 16. Qxe2 Rb8 17. Rfd1 Qd7 18. f3 Qa7 19. Kh1 a5 20. a3 a4 21.
Nc2 Qc5 22. Ncb4 Rb7 23. Rd3 Qc4 24. Rad1 f5 25. Ne3 Bxe3 26. Qxe3 fxe4 27.
Qxe4 Qxe4 28. fxe4 Rbf7 29. Kg1 Bc4 30. Rf3 Rxf3 31. gxf3 Rxf3 32. Nc6 Rf4 33.
Rxd6 Rxe4 34. Rd7 Kf8 35. Rd2 g6 36. Kf2 h5 37. Kf3 Re1 38. Kf2 Rf1+ 39. Ke3
Re1+ 1/2-1/2

[Event "2013 Lethbridge Open"]
[Site "Lethbridge"]
[Date "2013.04.06"]
[Round "2"]
[White "Schech, Roland"]
[Black "Quiring, John"]
[Result "0-1"]
[WhiteElo "1655"]
[BlackElo "1760"]
[PlyCount "42"]
[EventDate "2013.04.06"]
[EventType "swiss"]
[EventRounds "5"]
[EventCountry "CAN"]

1. b3 b6 2. Bb2 Bb7 3. c4 e6 4. e3 Nf6 5. f3 d5 6. cxd5 Nxd5 7. Ne2 Bd6 8. d4
Nxe3 9. Qd3 Nxf1 10. Kxf1 Ba6 11. Qe4 c6 12. Qg4 Qf6 13. Nbc3 Nd7 14. Ne4 Qe7
15. Qxg7 O-O-O 16. Nxd6+ Qxd6 17. Qxf7 e5 18. Rd1 e4 19. Qf5 Rhf8 20. Qh3 exf3
21. gxf3 Rde8 0-1

[Event "2013 Lethbridge Open"]
[Site "Lethbridge"]
[Date "2013.04.06"]
[Round "2"]
[White "Sequillion, Aaron"]
[Black "Faraji, Jafar"]
[Result "1-0"]
[WhiteElo "2111"]
[BlackElo "1753"]
[PlyCount "63"]
[EventDate "2013.04.06"]
[EventType "swiss"]
[EventRounds "5"]
[EventCountry "CAN"]

1. e4 c6 2. d4 d5 3. e5 Bf5 4. h4 h5 5. c4 e6 6. Nc3 Nd7 7. cxd5 cxd5 8. Nge2
Bg4 9. f3 Bf5 10. Ng3 Bg6 11. Bg5 f6 12. Bd3 Bf7 13. exf6 gxf6 14. Bf4 a6 15.
Qe2 Ne7 16. O-O-O Rc8 17. Kb1 Qb6 18. Ka1 Bg7 19. Rhe1 O-O 20. Bc1 Rfe8 21. f4
f5 22. Nxh5 Bxh5 23. Qxh5 Nf6 24. Qg5 Kf7 25. Qg3 Rh8 26. Na4 Qd8 27. Nc5 Ne4
28. Bxe4 fxe4 29. Nxe6 Kxe6 30. Qxg7 Rxh4 31. f5+ Nxf5 32. Qe5+ 1-0

[Event "2013 Lethbridge Open"]
[Site "Lethbridge"]
[Date "2013.04.06"]
[Round "3"]
[White "Pua, Richard"]
[Black "Willie, Joshua"]
[Result "1/2-1/2"]
[WhiteElo "2119"]
[BlackElo "1676"]
[PlyCount "84"]
[EventDate "2013.04.06"]
[EventType "swiss"]
[EventRounds "5"]
[EventCountry "CAN"]

1. d4 Nf6 2. Bg5 d5 3. e3 e6 4. c4 Be7 5. Nc3 O-O 6. Nf3 b6 7. Bd3 h6 8. Bh4
Bb7 9. O-O c5 10. cxd5 Nxd5 11. Bxe7 Qxe7 12. Nxd5 Bxd5 13. e4 Bb7 14. dxc5
Qxc5 15. Rc1 Qe7 16. e5 Nc6 17. Qe2 Nb4 18. Bb1 Ba6 19. Qe4 g6 20. Rfd1 Bb7 21.
Qf4 Kg7 22. Rd4 Nd5 23. Qd2 Rac8 24. Rdc4 Rxc4 25. Rxc4 Rc8 26. Qc1 Rxc4 27.
Qxc4 Qc7 28. Qxc7 Nxc7 29. Nd2 Nb5 30. Ne4 Bxe4 31. Bxe4 Nd4 32. Kf1 g5 33. Ke1
f5 34. exf6+ Kxf6 35. Kd2 e5 36. Kd3 a5 37. Kc4 Ke6 38. a4 Kd6 39. h3 Ke6 40.
g3 Kd6 41. Bd5 Nb3 42. Bg2 Nd4 1/2-1/2

[Event "2013 Lethbridge Open"]
[Site "Lethbridge"]
[Date "2013.04.06"]
[Round "3"]
[White "Rekhson, Vladislav"]
[Black "Holmes, Gregory"]
[Result "1-0"]
[WhiteElo "2147"]
[BlackElo "1670"]
[PlyCount "33"]
[EventDate "2013.04.06"]
[EventType "swiss"]
[EventRounds "5"]
[EventCountry "CAN"]

1. e4 c5 2. c3 Nc6 3. d4 cxd4 4. cxd4 d6 5. Nc3 Nf6 6. Nf3 g6 7. Bb5 Bd7 8. e5
dxe5 9. dxe5 Ng4 10. Bf4 Qb6 11. O-O Bg7 12. Nd5 Qxb5 13. Nc7+ Kd8 14. Nxb5
Ngxe5 15. Nxe5 Bxe5 16. Bxe5 Nxe5 17. Qd5 1-0

[Event "2013 Lethbridge Open"]
[Site "Lethbridge"]
[Date "2013.04.07"]
[Round "4"]
[White "Dunn, Garth"]
[Black "Davies, Jack"]
[Result "1-0"]
[WhiteElo "1674"]
[BlackElo "1572"]
[PlyCount "65"]
[EventDate "2013.04.06"]
[EventType "swiss"]
[EventRounds "5"]
[EventCountry "CAN"]

1. d4 Nf6 2. c4 g6 3. e3 Bg7 4. Bd3 O-O 5. Ne2 d5 6. Nbc3 b6 7. O-O Bb7 8. f3
Nbd7 9. e4 dxc4 10. Bxc4 c6 11. f4 b5 12. Bd3 Nb6 13. e5 Nfd5 14. Ne4 Nd7 15.
Bd2 a6 16. Rc1 Qb6 17. a3 Nc7 18. Bb1 Ne6 19. Be3 Rac8 20. Rf3 Qd8 21. Qd2 Nc7
22. f5 Nd5 23. Bh6 c5 24. Rh3 Bh8 25. Ng5 cxd4 26. fxg6 Rxc1+ 27. Nxc1 fxg6 28.
Nxh7 Nf4 29. Bxf4 Rxf4 30. Qxf4 Nxe5 31. Ba2+ Bd5 32. Bxd5+ Qxd5 33. Qf8# 1-0

[Event "2013 Lethbridge Open"]
[Site "Lethbridge"]
[Date "2013.04.07"]
[Round "4"]
[White "Faraji, Jafar"]
[Black "Pua, Richard"]
[Result "0-1"]
[WhiteElo "1753"]
[BlackElo "2119"]
[PlyCount "67"]
[EventDate "2013.04.06"]
[EventType "swiss"]
[EventRounds "5"]
[EventCountry "CAN"]

1. d4 d5 2. c4 e6 3. Nc3 Nf6 4. Bg5 Nbd7 5. e3 c6 6. Nf3 Qa5 7. Nd2 Bb4 8. Qc2
O-O 9. Nb3 Qb6 10. a3 Bxc3+ 11. bxc3 Ne4 12. Bf4 e5 13. dxe5 Re8 14. Bd3 Nxe5
15. Bxe5 Rxe5 16. c5 Qc7 17. O-O-O b6 18. c4 bxc5 19. Bxe4 dxe4 20. Rd2 Rb8 21.
Rhd1 Bg4 22. Re1 g6 23. h3 Be6 24. Kb2 a5 25. Ka2 a4 26. Na1 Qa5 27. Red1 Kg7
28. Rd6 Qa6 29. Rc1 f6 30. Qc3 Kf7 31. g4 Ke7 32. Rd2 h5 33. gxh5 Rxh5 34. Rh1
0-1

[Event "2013 Lethbridge Open"]
[Site "Lethbridge"]
[Date "2013.04.07"]
[Round "4"]
[White "Holmes, Gregory"]
[Black "Viminitz, Paul"]
[Result "1/2-1/2"]
[WhiteElo "1670"]
[BlackElo "1495"]
[PlyCount "96"]
[EventDate "2013.04.06"]
[EventType "swiss"]
[EventRounds "5"]
[EventCountry "CAN"]

1. e4 d6 2. d4 Nf6 3. Bd3 g6 4. c4 Nc6 5. Be3 Bg7 6. Nc3 O-O 7. Qd2 Ng4 8. Bf4
Bxd4 9. Nh3 Bxc3 10. bxc3 e5 11. Bh6 Nxh6 12. Qxh6 Qe7 13. c5 f6 14. cxd6 cxd6
15. O-O Be6 16. f4 Bxh3 17. Qxh3 exf4 18. Rxf4 Ne5 19. Bc2 b5 20. Bb3+ Nc4 21.
Qd3 Qe6 22. a4 a6 23. axb5 axb5 24. Rff1 Kg7 25. Qd4 Qe5 26. Qd3 Qc5+ 27. Kh1
Rxa1 28. Rxa1 Ne5 29. Qh3 Rc8 30. Qe6 Qxc3 31. Rf1 Rf8 32. Qe7+ Nf7 33. Qe6 Qe5
34. Qd7 Qxe4 35. Qxb5 f5 36. h3 Ne5 37. Bd5 Qd3 38. Rb1 Qxb5 39. Rxb5 f4 40.
Rb6 Rf6 41. Rb7+ Nf7 42. Kg1 g5 43. Kf2 h5 44. Kf3 Kg6 45. Be4+ Kh6 46. Kf2 g4
47. h4 g3+ 48. Kf1 Kg7 1/2-1/2

[Event "2013 Lethbridge Open"]
[Site "Lethbridge"]
[Date "2013.04.07"]
[Round "4"]
[White "Willie, Joshua"]
[Black "Zeggelaar, Mike"]
[Result "1/2-1/2"]
[WhiteElo "1676"]
[BlackElo "1955"]
[PlyCount "113"]
[EventDate "2013.04.06"]
[EventType "swiss"]
[EventRounds "5"]
[EventCountry "CAN"]

1. e4 c5 2. Nf3 e6 3. Nc3 Nc6 4. Be2 d6 5. O-O Nf6 6. d4 cxd4 7. Nxd4 Be7 8.
Be3 O-O 9. a3 a6 10. Kh1 d5 11. exd5 exd5 12. Bf3 Ne5 13. Be2 Nc4 14. Bc1 Qd6
15. b3 Ne5 16. Bf4 Qc7 17. Nf3 Bd6 18. Nxd5 Nxd5 19. Qxd5 Be6 20. Qd1 Rad8 21.
Qc1 Nxf3 22. Bxd6 Rxd6 23. Bxf3 Rfd8 24. Be4 Qc3 25. Bd3 Bxb3 26. Qe3 Kf8 27.
Qe1 Qxe1 28. Rfxe1 Ba4 29. Kg1 Rc8 30. Ra2 Rc3 31. f3 g6 32. Kf2 Rdc6 33. Re2
R6c5 34. Ke1 Bc6 35. Kd2 Bd5 36. Ra1 Bc6 37. f4 Kg7 38. g3 h5 39. Re5 Rxe5 40.
Kxc3 Re3 41. Kd4 Rf3 42. Re1 h4 43. Re3 hxg3 44. hxg3 Rf2 45. c4 Kf6 46. Be4
Bxe4 47. Kxe4 Ke6 48. Kd4+ Kd6 49. Kc3 f6 50. Rd3+ Kc5 51. Rd5+ Kc6 52. Rd3 b6
53. Kd4 b5 54. cxb5+ Kxb5 55. Rb3+ Kc6 56. Re3 Rb2 57. Kc4 1/2-1/2

[Event "2013 Lethbridge Open"]
[Site "Lethbridge"]
[Date "2013.04.07"]
[Round "5"]
[White "Oba, Josh"]
[Black "Faraji, Jafar"]
[Result "0-1"]
[WhiteElo "1504"]
[BlackElo "1753"]
[PlyCount "91"]
[EventDate "2013.04.06"]
[EventType "swiss"]
[EventRounds "5"]
[EventCountry "CAN"]

1. e4 c6 2. Nc3 d5 3. d4 dxe4 4. Nxe4 Nf6 5. Nxf6+ exf6 6. Nf3 Bg4 7. Be3 Bd6
8. h3 Bh5 9. Be2 O-O 10. O-O Re8 11. Qd3 Bg6 12. Qd2 Nd7 13. Rfe1 Rc8 14. Bd3
Bxd3 15. Qxd3 Nf8 16. Rad1 Qc7 17. Bd2 Ng6 18. Rxe8+ Rxe8 19. Re1 Rxe1+ 20.
Bxe1 Nf4 21. Qe4 g5 22. g3 Ng6 23. Qg4 Qe7 24. Bc3 Qe2 25. Kg2 Qe7 26. h4 h6
27. h5 Nf8 28. Qf5 Qe6 29. Qxe6 fxe6 30. a3 Kf7 31. Kh3 Nd7 32. b4 Nb6 33. Nd2
Na4 34. Ne4 Ke7 35. Nxd6 Kxd6 36. Bd2 Kd5 37. c3 Kc4 38. Kg4 Nxc3 39. f4 Ne4
40. Bc1 f5+ 41. Kf3 g4+ 42. Kg2 Kb3 43. Kf1 Nxg3+ 44. Ke1 Nxh5 45. Ke2 Ng3+ 46.
Kd3 0-1

[Event "2013 Lethbridge Open"]
[Site "Lethbridge"]
[Date "2013.04.07"]
[Round "5"]
[White "Pua, Richard"]
[Black "Quiring, John"]
[Result "1/2-1/2"]
[WhiteElo "2119"]
[BlackElo "1760"]
[PlyCount "102"]
[EventDate "2013.04.06"]
[EventType "swiss"]
[EventRounds "5"]
[EventCountry "CAN"]

1. e4 c5 2. c3 Nf6 3. e5 Nd5 4. d4 cxd4 5. cxd4 e6 6. Nf3 a6 7. Bd3 Bb4+ 8. Bd2
f6 9. O-O Bxd2 10. Qxd2 Nc6 11. Nc3 Nxc3 12. bxc3 O-O 13. Rfe1 b5 14. a4 bxa4
15. Rxa4 a5 16. Qc2 f5 17. Nd2 Qc7 18. Nc4 Ba6 19. Nd6 Bxd3 20. Qxd3 Rab8 21.
Rea1 Rb3 22. Qc4 Rfb8 23. h3 Rb1+ 24. Kh2 Rxa1 25. Rxa1 Kf8 26. d5 exd5 27.
Qxd5 Nd8 28. Nxf5 Nf7 29. Nd6 Nxd6 30. exd6 Qxc3 31. Rxa5 Qf6 32. Qf5 Kg8 33.
Qxf6 gxf6 34. Ra7 Rd8 35. f4 f5 36. g4 fxg4 37. hxg4 Kf7 38. Kg3 Ke6 39. Ra6
Rc8 40. Ra5 Kxd6 41. Rh5 Rh8 42. g5 Ke7 43. f5 Kf7 44. Kf4 Kg7 45. Ke5 Ra8 46.
Kd6 Ra5 47. f6+ Kg6 48. Rh6+ Kxg5 49. f7 Rf5 50. Rxh7 Kg6 51. Rh1 Rxf7 1/2-1/2

[Event "2013 Lethbridge Open"]
[Site "Lethbridge"]
[Date "2013.04.07"]
[Round "5"]
[White "Scholz, Mike"]
[Black "Berndtsson, Kurt"]
[Result "1-0"]
[WhiteElo "1429"]
[BlackElo "1265"]
[PlyCount "148"]
[EventDate "2013.04.06"]
[EventType "swiss"]
[EventRounds "5"]
[EventCountry "CAN"]

1. e4 c6 2. Nc3 Nf6 3. Nf3 d5 4. exd5 Nxd5 5. Nxd5 cxd5 6. d4 Bf5 7. c3 a6 8.
Bf4 Nd7 9. Qb3 Nb6 10. a4 Ra7 11. Be2 e6 12. O-O Be7 13. a5 Nd7 14. c4 O-O 15.
cxd5 Bf6 16. dxe6 Bxe6 17. Qc3 Ra8 18. Qc7 Qxc7 19. Bxc7 Rfe8 20. Ne5 Bg5 21.
Bf3 Rac8 22. Bd6 Nxe5 23. Bxe5 Re7 24. Rfd1 Bf5 25. Bd6 Rd7 26. Bc5 g6 27. b4
h5 28. h3 h4 29. Re1 Bf4 30. Be4 Bxe4 31. Rxe4 Bd6 32. Rae1 g5 33. Bxd6 Rxd6
34. Re7 b6 35. Ra7 bxa5 36. bxa5 Kf8 37. Ree7 Rf6 38. f3 Rd8 39. Rad7 Re8 40.
Rxe8+ Kxe8 41. Rd5 Rg6 42. Rc5 Rg7 43. Kf2 f6 44. Rc6 Rd7 45. Rxa6 Rxd4 46.
Rxf6 Ra4 47. a6 Ra5 48. Kg1 Kd8 49. Rb6 Kc8 50. Rg6 Kb8 51. Rh6 Ka7 52. Rg6 Ra4
53. Rxg5 Kxa6 54. Rg4 Ra1+ 55. Kh2 Kb6 56. Rxh4 Kc6 57. Kg3 Kd6 58. Re4 Kd5 59.
h4 Rh1 60. Kg4 Rg1 61. g3 Rf1 62. Ra4 Ke5 63. f4+ Kf6 64. Ra5 Re1 65. Re5 Rd1
66. Ra5 Rd8 67. Ra6+ Kg7 68. Kg5 Rg8 69. Rg6+ Kf7 70. h5 Rh8 71. g4 Rh7 72. f5
Kf8 73. h6 Rg7 74. Rxg7 Ke8 1-0

[Event "2013 Lethbridge Open"]
[Site "Lethbridge"]
[Date "2013.04.07"]
[Round "5"]
[White "Sequillion, Aaron"]
[Black "Dunn, Garth"]
[Result "1-0"]
[WhiteElo "2111"]
[BlackElo "1674"]
[PlyCount "60"]
[EventDate "2013.04.06"]
[EventType "swiss"]
[EventRounds "5"]
[EventCountry "CAN"]

1. e4 c5 2. Nf3 d6 3. d4 cxd4 4. Nxd4 g6 5. Nc3 Bg7 6. Be3 Nf6 7. f3 Nbd7 8.
Qd2 O-O 9. h4 h5 10. O-O-O Kh7 11. g4 Rh8 12. gxh5 Nxh5 13. Rg1 Kg8 14. f4 e5
15. fxe5 dxe5 16. Ndb5 Qxh4 17. Bg5 Qxg5 18. Rxg5 Nf8 19. Kb1 Bh6 20. Qd8 Kg7
21. Rg1 Ne6 22. Qd6 Bf4 23. Nc7 Nxc7 24. Qxc7 Be6 25. Nd5 Rhd8 26. Be2 Rd7 27.
Qc3 Rh8 28. Nxf4 Rxd1+ 29. Rxd1 Nf6 30. Nxe6+ fxe6 1-0